| 000 | 00633nam a2200229Ia 4500 | ||
|---|---|---|---|
| 005 | 20250108124938.0 | ||
| 008 | 008 250107s9999 xx 000 0 eng d | ||
| 020 | _a978-81-7028-702-5 | ||
| 037 | _aTB | ||
| 040 |
_aCRL _beng _cCRL |
||
| 041 |
_aeng _2eng |
||
| 084 | _aV255:f P8 | ||
| 084 | _qCRL | ||
| 100 |
_aTejpal Tarun J. Au. _9730122 |
||
| 245 | 0 |
_aStory of my assassins _cTejpal Tarun J. Au. |
|
| 260 |
_aNew Delhi, India _bHarper Collins _c2771 |
||
| 300 | _a522p. | ||
| 365 |
_aINR _b300 |
||
| 650 |
_aENGLISH FICTIONENGLISH LITERATURE _9729683 |
||
| 942 |
_cTB _hV255:f P8 |
||
| 999 |
_c1235159 _d1235159 |
||